1554 1227 1940 1958 1758 1370 1452 1171 1713 1317 1664 1809 1103 1926 1185 1876 1787 1980 1494 1009 1590 1330 1877 1570 1760 1424 1988 1996 1702 1262 1760 1626 1240 1273 1542 1986 1662 1172 1817 1127 1630 2000 1785 1708 1916 1373 1108 1221 1604 1082 1777 1276 1384 1977 1192 1777 1657 1438 1771 1927 1117 1362 1298 1573 1077 1047 1724 1292 1774 1308 1373 1788 1861 1471 1373 1317 1698 1715 1262 1899 1944 1195 1271 1775 1757 1011 1168 1159 1024 1660 1028 1888 1656 1723 1891 1259 1568 1502 1942 BCNSPRNW ULIB Ver.6.0+V

เปลี่ยนเป็นภาษาไทย

Change to English
 แสดงรายละเอียดบรรณานุกรม
  กลับหน้าหลัก

Brief Record : Get Marc (ISO 2709) : E-mail record : QR code < ปิดหน้าต่าง
LEADER : 00000nam 2200000uu 4500
001    13399111454
003     ULIB
008    110627s2553||||th 000 0 tha d
020    9786167346007
090    นว.^bK725ค 2553
100 0  Kula
245 00 ครัวกระจุย...ตะลุยรัก /^c เขียนโดย Kula
260    กรุงเทพฯ:^bเพชรประกาย,^c2553
300    208 หน้า
945    ^p0^l0^i17067
995    กัณชพร
999 ^a ใช้งานได้ทุกระบบ
รายการนี้ยังไม่มีแท็ก
คุณยังไม่ได้ล็อกอิน คุณสามารถมีกิจกรรมร่วมกับเว็บไซต์ได้ แต่ต้องล็อกอินก่อน ::
  ล็อกอิน

รายการสื่อสารสนเทศ

ลำดับที่ ประเภท เลขเรียก/บาร์โค้ด สถานที่ สถานะ
1. นวนิยาย
นวนิยาย
นว. K725ค 2553  
  Barcode: 17067
ห้องสมุดวิทยาเขตสวรรค์ประชารักษ์
►นวนิยาย
บนชั้น
  ขอยืม

BibComment


ยังไม่เคยถูกคอมเมนท์

คอมเมนท์ทรัพยากรรายการนี้
  คอมเมนท์: ครัวกระจุยตะลุยรั..


 Copyright 2026. Bcnsprnw @Library